Colecciones dinámicas : (Registro nro. 19968)
[ vista simple ]
| 000 -CABECERA | |
|---|---|
| campo de control de longitud fija | 00721nam a2200193 a 4500 |
| 001 - NÚMERO DE CONTROL | |
| campo de control | 000020464 |
| 005 - FECHA Y HORA DE LA ÚLTIMA TRANSACCIÓN | |
| campo de control | 20200930011121.0 |
| 008 - DATOS DE LONGITUD FIJA--INFORMACIÓN GENERAL | |
| campo de control de longitud fija | 110224s2015 sp a r 000 0 spa d |
| 040 ## - FUENTE DE LA CATALOGACIÓN | |
| Centro catalogador/agencia de origen | DO-SdBNP |
| Lengua de catalogación | spa |
| Centro/agencia transcriptor | BNPHU |
| 082 ## - NÚMERO DE LA CLASIFICACIÓN DECIMAL DEWEY | |
| Número de clasificación | xxxx |
| Número de documento/Ítem | xxxx |
| 100 1# - ENTRADA PRINCIPAL--NOMBRE DE PERSONA | |
| Nombre de persona | Espinosa, Ricky N. |
| 9 (RLIN) | 43144 |
| 245 10 - MENCIÓN DE TÍTULO | |
| Título | Colecciones dinámicas : |
| Resto del título | una guía práctica para la mudanza de bibliotecas y maximización de los espacios / |
| Mención de responsabilidad, etc. | Ricky N. Espinosa ; prólogo Irma Quiñones Maurás. |
| 260 ## - PUBLICACIÓN, DISTRIBUCIÓN, ETC. | |
| Lugar de publicación, distribución, etc. | Asturias, España : |
| Nombre del editor, distribuidor, etc. | Trea, |
| Fecha de publicación, distribución, etc. | 2015. |
| 300 ## - DESCRIPCIÓN FÍSICA | |
| Extensión | 126 P. : |
| Otras características físicas | il. ; |
| Dimensiones | 24 cm. |
| 500 ## - NOTA GENERAL | |
| Nota general | Incluye datos biografícos del autor. |
| 590 ## - NOTA LOCAL (RLIN) | |
| Nota local | Inventariado, 2018/ YL |
| 504 ## - NOTA DE BIBLIOGRAFÍA, ETC. | |
| Nota de bibliografía, etc. | Bibliografía p: 127 |
| 700 12 - PUNTO DE ACCESO ADICIONAL--NOMBRE DE PERSONA | |
| Nombre de persona | Quiñones Maurás, Irma, |
| Término indicativo de función/relación | prol. |
| 9 (RLIN) | 43145 |
| Estado de retiro | Estado de pérdida | Restricciones de uso | No para préstamo | Código de colección | Localización permanente | Ubicación/localización actual | Ubicación en estantería | Fecha de adquisición | Número de inventario | Total de préstamos | Signatura topográfica completa | Código de barras | Fecha visto por última vez | Precio válido a partir de | Tipo de ítem Koha | Número de copia |
|---|---|---|---|---|---|---|---|---|---|---|---|---|---|---|---|---|
| Excluido de préstamo | Monografías: Libros y Folletos | General | General | Depósito | 04.05.2018 | LF1 | xxxx xxxx | 20464-10 | 25.06.2020 | 25.06.2020 | No se presta | |||||
| Excluido de préstamo | Monografías: Libros y Folletos | General | General | Depósito | 04.05.2018 | LF1 | xxxx xxxx | 20464-20 | 25.06.2020 | 25.06.2020 | No se presta | e.2 | ||||
| Excluido de préstamo | Monografías: Libros y Folletos | General | General | Depósito | 04.05.2018 | LF1 | xxxx xxxx | 20464-30 | 25.06.2020 | 25.06.2020 | No se presta | e.3 |
